000 00599nam a2200205 a 4500
005 20240924071022.0
008 090609s2004 mx r 000 0 spa d
020 _a9500829487
035 _aUPN01000171072
049 _aI
050 4 _aPZ71
_bS6.22
100 1 _aSotelo, Roberto
_933120
245 1 3 _aEl castillo tenebroso /
_cRoberto Sotelo, Douglas Wright.
260 _aBuenos Aires :
_bAtlántida,
_c2004.
300 _a[26] p. :
_bil. col.
650 4 _aLibros y lectura
_95227
650 0 _aAventuras y aventureros
_94121
700 1 _aWright, Douglas,
_d1962- ,
_ecoaut.
905 _aLibro
999 _c143177
_d143177